[Event "Brasilia Terraviva op"]
[Site "Brasilia"]
[Date "2019.01.13"]
[Round "6"]
[White "Da Silva, Fabio Campos"]
[Black "Lutz, Igor Oscar"]
[Result "0-1"]
[WhiteElo "1843"]
[BlackElo "2022"]
[PlyCount "98"]
[EventDate "2019.01.10"]
[EventType "swiss"]
[EventRounds "7"]
[EventCountry "BRA"]
[SourceTitle "CBM 188 Extra"]
[Source "ChessBase"]
[SourceDate "2019.02.26"]
[SourceVersion "1"]
[SourceVersionDate "2019.02.26"]
[SourceQuality "1"]

1. d4 d5 2. c4 Nf6 3. Nf3 dxc4 4. e3 c5 5. Bxc4 e6 6. 0-0 Nc6 7. a3 cxd4 8. exd4 Be7 9. Nc3 0-0 10. Be3 b6 11. Qe2 Bb7 12. Rfd1 Na5 13. Bd3 Nb3 14. Rab1 Rc8 15. Ne5 Bxa3 16. Nb5 Be7 17. Nxa7 Ra8 18. Nac6 Qd6 19. Nxe7+ Qxe7 20. Bg5 Rfd8 21. Ng4 Nxd4 22. Nxf6+ gxf6 23. Qh5 Nf5 24. Bh4 Ra5 25. g4 Rxd3 26. Rxd3 Nxh4 27. Qxh4 Be4 28. Rbd1 Bxd3 29. Rxd3 Qb7 30. Ra3 Rd5 31. Ra1 Qd7 32. Qxf6 Rd1+ 33. Rxd1 Qxd1+ 34. Kg2 Qxg4+ 35. Kf1 Qc4+ 36. Kg1 Qc5 37. Kg2 Qd5+ 38. Kg1 b5 39. h4 Qf5 40. Qxf5 exf5 41. h5 Kg7 42. Kg2 Kh6 43. Kg3 Kxh5 44. Kf4 Kg6 45. b4 h5 46. f3 h4 47. Ke3 h3 48. Kf2 f4 49. Kg1 Kg5 0-1

[Event "Brasilia Terraviva op"]
[Site "Brasilia"]
[Date "2017.01.08"]
[Round "5"]
[White "Da Silva, Fabio Campos"]
[Black "Chaves, Allysson Pereira"]
[Result "1-0"]
[WhiteElo "1840"]
[BlackElo "2011"]
[PlyCount "40"]
[EventDate "2017.01.06"]
[EventType "swiss"]
[EventRounds "6"]
[EventCountry "BRA"]
[SourceTitle "CBM 176 Extra"]
[Source "ChessBase"]
[SourceDate "2017.03.02"]
[SourceVersion "1"]
[SourceVersionDate "2017.03.02"]
[SourceQuality "1"]

1. d4 Nf6 2. c4 g6 3. g3 Bg7 4. Bg2 0-0 5. Nf3 d6 6. 0-0 Nbd7 7. Nc3 c6 8. b3 e5 9. Ba3 exd4 10. Nxd4 Nc5 11. Bxc5 dxc5 12. Nf3 Qe7 13. Rc1 Rd8 14. Qe1 Bh6 15. e3 Bf5 16. Kh1 Rd2 17. Rd1 Bd3 18. Rg1 Rd8 19. Bf1 Bxf1 20. Rxf1 Rxd1 1-0